000 01580nam a2200433 c 4500
001 23932
003 ES-MaCES
005 20141221122857.0
008 110804s2011 sp l 000 | spa d
017 _aNA 1686-2011
_bDL
020 _a9788499038353
035 _aCES20110006411m
040 _aES-MaCES
_bspa
_cES-MaCES
100 1 _aArias Domínguez, Ángel
_96527
245 1 0 _aAccidentes laborales de tráfico
_cÁngel Arias Domínguez, Antonio v. Sempere Navarro
250 _a2ª ed
260 _aCizur Menor (Navarra)
_bAranzadi-Thomson Reuters
_c2011
300 _a334 p.
_c24 cm
490 1 _aColección técnica derecho laboral
500 _aLa 1ª ed. publ. en la colección Cuadernos de Aranzadi Social, n. 37, bajo el mismo tít.
504 _aBibliografía y dirs. de internet: p. 325-334
541 _cCompra
650 4 _aaccidente de trabajo
_928345
650 4 _aaccidente de trayecto
_930246
650 4 _avehículo a motor
_928041
650 4 _atráfico por carretera
_928067
650 4 _atransporte por carretera
_928054
650 4 _aseguridad social
_927034
650 4 _aprestaciones por accidentes de trabajo
_927037
650 4 _aEspaña
_926964
650 4 _arégimen jurídico
_929894
653 1 0 _aDerecho del trabajo y Seguridad Social
700 1 _aSempere Navarro, Antonio Vicente
_923834
775 0 _tAccidentes laborales de tráfico
_w(ES-MaCES)23235
830 0 _aColección técnica derecho laboral
_933208
902 _aLIB Libro
942 _2CES
_cBK
_h6.0.1.
999 _c23932
_d23932